<?xml version="1.0" encoding="UTF-8"?>
<marc:record xmlns:marc="http://www.loc.gov/MARC21/slim">
   <marc:leader>00000nam a2200000 a 4500</marc:leader>
   <marc:datafield ind1="1" ind2=" " tag="100">
      <marc:subfield code="a">Anderson, R. J.</marc:subfield>
      <marc:subfield code="4">aut</marc:subfield>
      <marc:subfield code="e">Verfasser/-in</marc:subfield>
   </marc:datafield>
   <marc:datafield ind1="0" ind2="0" tag="245">
      <marc:subfield code="a">Bryony</marc:subfield>
   </marc:datafield>
   <marc:datafield ind1="0" ind2="0" tag="245">
      <marc:subfield code="c">R. J. Anderson. Aus dem Engl. von Wolfram Ströle</marc:subfield>
   </marc:datafield>
   <marc:datafield ind1=" " ind2="1" tag="264">
      <marc:subfield code="a">München</marc:subfield>
      <marc:subfield code="b">Hanser</marc:subfield>
      <marc:subfield code="c">2011</marc:subfield>
   </marc:datafield>
   <marc:datafield ind1="1" ind2=" " tag="520">
      <marc:subfield code="a">Angaben aus der Verlagsmeldung

Bryony. Rebellin unter Feen / von R.J. Anderson

Tief im Inneren der großen Eiche liegt Amaryllis, das Königreich der letzten Feen. Aus unerklärlichen Gründen haben sie ihre magischen Kräfte eingebüßt und drohen auszusterben. Die tapfere kleine Bryony versucht als Einzige herauszufinden, warum die Feen ihre Zauberkraft verloren haben, und wagt ein großes Abenteuer: den Flug hinaus aus dem Fantasy-Reich in die Welt der Menschen. Dort lernt sie den Jungen Paul kennen, und es beginnt eine verbotene Freundschaft. Gemeinsam mit ihm entdeckt Bryony ein altes Geheimnis des Feenvolkes. Ein fesselndes Kinderbuch über die Kraft der Liebe und verloren geglaubte Magie.
</marc:subfield>
   </marc:datafield>
   <marc:datafield ind1=" " ind2=" " tag="020">
      <marc:subfield code="a">9783446236585</marc:subfield>
      <marc:subfield code="9">9783446236585</marc:subfield>
   </marc:datafield>
   <marc:datafield ind1=" " ind2=" " tag="041">
      <marc:subfield code="a">ger</marc:subfield>
   </marc:datafield>
   <marc:datafield ind1=" " ind2=" " tag="300">
      <marc:subfield code="a">285 S.</marc:subfield>
   </marc:datafield>
</marc:record>
